00537nam a22001697a 450000500170000001000150001702000260003203500140005803700130007208200150008510000260010024501090012626000310023527000600026630000220032670000190034820230915151629.0 aENG-138029 a9789388881418c795.00 aEN-121561 bDBAD/PUB a381.420954 aThakur Krishna Kumar a Consume' Decision Making on Online Purchase of Air Tickets /c Krishan Kumar Thakur and Biju Mani Das  aAssambEBH Publisherc2020 a136, M.L. Nehru Road, Panbazar, GuwahatibAssame781001 a120p.c24cm (HBK) aDas Biju Manic